The thirteen problems / (Record no. 11051)
[ view plain ]
| 000 -LEADER | |
|---|---|
| fixed length control field | 00985cam a22002651a 4500 |
| 001 - CONTROL NUMBER | |
| control field | 9691085 |
| 005 - DATE AND TIME OF LATEST TRANSACTION | |
| control field | 20041208122121.0 |
| 008 - FIXED-LENGTH DATA ELEMENTS--GENERAL INFORMATION | |
| fixed length control field | 840213s1932 enk 000 1 eng |
| 010 ## - LIBRARY OF CONGRESS CONTROL NUMBER | |
| LC control number | 32021693 |
| 020 ## - INTERNATIONAL STANDARD BOOK NUMBER | |
| International Standard Book Number | 978000 |
| 035 ## - SYSTEM CONTROL NUMBER | |
| System control number | (OCoLC)10406782 |
| 040 ## - CATALOGING SOURCE | |
| Original cataloging agency | DLC |
| Transcribing agency | InU |
| Modifying agency | InU |
| -- | DLC |
| 050 00 - LIBRARY OF CONGRESS CALL NUMBER | |
| Classification number | PZ3.C4637 |
| Item number | Th |
| Classification number | PR6005.H66 |
| 082 00 - DEWEY DECIMAL CLASSIFICATION NUMBER | |
| Classification number | 823.912 |
| Edition number | 21 |
| Item number | CHR |
| 100 1# - MAIN ENTRY--PERSONAL NAME | |
| Personal name | Christie, Agatha, |
| Dates associated with a name | 1890-1976. |
| 9 (RLIN) | 5534 |
| 245 14 - TITLE STATEMENT | |
| Title | The thirteen problems / |
| Statement of responsibility, etc | Agatha Christie. |
| 260 ## - PUBLICATION, DISTRIBUTION, ETC. (IMPRINT) | |
| Place of publication, distribution, etc | London : |
| Name of publisher, distributor, etc | Published for the Crime Club Ltd. by W. Collins Sons & Co., |
| Date of publication, distribution, etc | c1932. |
| 300 ## - PHYSICAL DESCRIPTION | |
| Extent | 315p. ; |
| Dimensions | 19 cm. |
| 500 ## - GENERAL NOTE | |
| General note | Publisher's ads [6] p. at end. |
| 510 4# - CITATION/REFERENCES NOTE | |
| Name of source | Hubin, Crime fiction, |
| Location within source | p. 82. |
| 655 #7 - INDEX TERM--GENRE/FORM | |
| Genre/form data or focus term | Detective and mystery stories. |
| Source of term | gsafd |
| -- | 5535 |
| 942 ## - ADDED ENTRY ELEMENTS (KOHA) | |
| Source of classification or shelving scheme | Dewey Decimal Classification |
| Item type | Book - Borrowing |
| Withdrawn status | Item status | Source of classification or shelving scheme | Damaged status | Not for loan | Vendor | Home library | Current library | Shelving location | Date acquired | Source of acquisition | Cost, normal purchase price | Serial Enumeration / chronology | Total Checkouts | Total Renewals | Full call number | Barcode | Checked out | Date last seen | Date last borrowed | Koha item type |
|---|---|---|---|---|---|---|---|---|---|---|---|---|---|---|---|---|---|---|---|---|
| Dewey Decimal Classification | Alahram | Central Library | Central Library | Second Floor | 11/03/2009 | 38.00 | 369 | 7 | 13 | 823.912 CHR | 000015400 | 16/11/2017 | 17/10/2017 | 17/10/2017 | Book - Borrowing |